000 00409pab a2200145 454500
008 180718b2006 xxu||||| |||| 00| 0 eng d
100 _aKumar, Nagananda
245 _aTranslating big ideas into blockbuster businesses: the challenge of managing strategic innovations
260 _c2006
300 _ap.81-86.
362 _aJul-Sep
650 _aScientific innovations
773 _aVision
909 _a72867
999 _c72867
_d72867